000 00645nam a2200241Ia 4500
003 OSt
005 20220918222303.0
006 a|||||r|||| 00| 0
007 ta
008 220917b |||||||| |||| 00| 0 eng d
024 _a216,346
037 _cTextual
040 _aARTS
_cARTS
_beng
041 _2eng
_aeng
082 _a/\2y7M63, N3
100 _aVivekananda
_939405
245 0 _aMy India, the India eternal
260 _aCalcutta
_bThe Ramakrishna mission institute of culture
_c1993
300 _a239p
_ccm.
650 _aSPIRITUALISM
942 _h/\2y7M63, N3
_cTEXL
_2CC
999 _c275088
_d275088